[Event "Titled Tuesday intern op 21st Jan Late"]
[Site "Chess.com INT"]
[Date "2025.01.21"]
[Round "7"]
[White "Bellissimo, Joseph F"]
[Black "Alonso, Raphael VP Patricio"]
[Result "1-0"]
[WhiteElo "2203"]
[BlackElo "2130"]
[PlyCount "97"]
[EventDate "2025.01.21"]
[EventType "swiss (blitz)"]
[EventRounds "11"]
[EventCountry "USA"]
[SourceTitle "CB05_2025"]
[SourceDate "2025.01.29"]
[SourceVersion "1"]
[SourceVersionDate "2025.01.29"]
[SourceQuality "1"]

1. e4 g6 2. h4 Bg7 3. h5 g5 4. h6 Nxh6 5. d4 f6 6. Rxh6 Bxh6 7. Qh5+ Kf8 8. Qxh6+ Kf7 9. Be2 Qf8 10. Qh5+ Kg7 11. Bxg5 h6 12. Bf4 Qf7 13. Qh4 Nc6 14. Bh5 Qe6 15. Qg3+ Kf8 16. Qg6 f5 17. Qxe6 dxe6 18. Nc3 Nxd4 19. 0-0-0 Nc6 20. Nf3 Kg7 21. Ne5 Kf6 22. Nxc6 bxc6 23. e5+ Kg7 24. Rd3 Rh7 25. Na4 Ba6 26. Rd7 Bc4 27. b3 Bd5 28. g3 Kf8 29. c4 Be4 30. Nc5 a5 31. Nxe6+ Kg8 32. Nxc7 Rc8 33. Ne6 Ra8 34. Nc5 Rc8 35. e6 Ra8 36. Be5 Bg2 37. Bf7+ Kf8 38. Ra7 Rxa7 39. Nd7+ Rxd7 40. exd7 Kxf7 41. d8Q Be4 42. Qxa5 h5 43. Qc5 h4 44. gxh4 Rxh4 45. a4 Rh1+ 46. Kd2 Rb1 47. a5 Rxb3 48. a6 Rb2+ 49. Bxb2 1-0

[Event "Titled Tuesday intern op 21st Jan Late"]
[Site "Chess.com INT"]
[Date "2025.01.21"]
[Round "6"]
[White "Gao, Raymond"]
[Black "Bellissimo, Joseph F"]
[Result "1-0"]
[WhiteElo "2033"]
[BlackElo "2203"]
[PlyCount "91"]
[EventDate "2025.01.21"]
[EventType "swiss (blitz)"]
[EventRounds "11"]
[EventCountry "USA"]
[SourceTitle "CB05_2025"]
[SourceDate "2025.01.29"]
[SourceVersion "1"]
[SourceVersionDate "2025.01.29"]
[SourceQuality "1"]

1. e4 e6 2. d4 d5 3. Nd2 Nf6 4. e5 Nfd7 5. f4 c5 6. c3 Nc6 7. Ndf3 Qb6 8. g3 f6 9. Kf2 Be7 10. Kg2 Nf8 11. Bd3 Bd7 12. Ne2 0-0-0 13. a3 c4 14. Bc2 Na5 15. Rf1 h6 16. Rb1 g5 17. exf6 Bxf6 18. Ne5 Bxe5 19. fxe5 Nb3 20. Be3 Be8 21. Nc1 Nxc1 22. Bxc1 Bg6 23. Rxf8 Rdxf8 24. Bxg6 Qd8 25. Be3 Qe7 26. Qe2 h5 27. Rf1 g4 28. Bc2 Rxf1 29. Qxf1 Rf8 30. Bf4 h4 31. Qe2 Qg7 32. Bd1 Rg8 33. gxh4 Qh7 34. Bg5 Rf8 35. Qxg4 Qf7 36. Bf3 Kd7 37. h5 Qh7 38. h6 Qc2+ 39. Kg3 Qb1 40. Bf6 Qe1+ 41. Kh3 Rf7 42. Bxd5 Qf1+ 43. Bg2 Qd3+ 44. Qf3 Qg6 45. Qxb7+ Ke8 46. Qc8# 1-0

[Event "Titled Tuesday intern op 21st Jan Late"]
[Site "Chess.com INT"]
[Date "2025.01.21"]
[Round "10"]
[White "Gasparyan, Davit"]
[Black "Bellissimo, Joseph F"]
[Result "0-1"]
[WhiteElo "2263"]
[BlackElo "2203"]
[PlyCount "58"]
[EventDate "2025.01.21"]
[EventType "swiss (blitz)"]
[EventRounds "11"]
[EventCountry "USA"]
[SourceTitle "CB05_2025"]
[SourceDate "2025.01.29"]
[SourceVersion "1"]
[SourceVersionDate "2025.01.29"]
[SourceQuality "1"]

1. e4 e6 2. d4 d5 3. Bd3 c5 4. exd5 exd5 5. Nf3 Nc6 6. 0-0 Bd6 7. Re1+ Nge7 8. dxc5 Bxc5 9. Nbd2 0-0 10. Nb3 Bd6 11. Bg5 f6 12. Bh4 Bg4 13. Be2 Ng6 14. Qxd5+ Kh8 15. Qe4 f5 16. Bxd8 fxe4 17. Ng5 Bxe2 18. Rxe2 Raxd8 19. Ne6 Nf4 20. Rxe4 Nxe6 21. Rxe6 Rfe8 22. Rae1 Rxe6 23. Rxe6 Kg8 24. g3 Be5 25. f4 Bxb2 26. Nc5 Bd4+ 27. Kg2 Bxc5 28. c3 Rd2+ 29. Re2 Rxe2+ 0-1

[Event "Titled Tuesday intern op 06th Aug Late"]
[Site "Chess.com INT"]
[Date "2024.08.06"]
[Round "1"]
[White "Bellissimo, Joseph F"]
[Black "Nakamura, Hikaru"]
[Result "0-1"]
[WhiteElo "2203"]
[BlackElo "2802"]
[PlyCount "86"]
[EventDate "2024.08.06"]
[EventType "swiss (blitz)"]
[EventRounds "11"]
[EventCountry "USA"]
[SourceTitle "EXT 2025"]
[Source "ChessBase"]
[SourceDate "2024.10.14"]
[SourceVersion "1"]
[SourceVersionDate "2024.10.14"]
[SourceQuality "1"]

1. e4 g6 2. d4 c6 3. Nd2 d5 4. e5 Bh6 5. Bd3 c5 6. c3 Nc6 7. Ngf3 cxd4 8. cxd4 f6 9. 0-0 fxe5 10. Nxe5 Nf6 11. Ndf3 Bg7 12. Bb5 Bd7 13. Nxd7 Nxd7 14. Ng5 Nxd4 15. Be3 e5 16. Bxd7+ Qxd7 17. Bxd4 exd4 18. Re1+ Kf8 19. Qb3 Bf6 20. Ne6+ Kg8 21. Rac1 Re8 22. Nc5 Rxe1+ 23. Rxe1 Qc6 24. Nxb7 Kg7 25. Na5 Qd7 26. Qb4 Re8 27. Rxe8 Qxe8 28. h3 d3 29. Nb3 Qe2 30. Qb7+ Kh6 31. Qxd5 Qe1+ 32. Kh2 Be5+ 33. g3 Qxf2+ 34. Kh1 Qe1+ 35. Kg2 Qxg3+ 36. Kf1 Qxh3+ 37. Ke1 Qe3+ 38. Kf1 Qe2+ 39. Kg1 Bh2+ 40. Kh1 Bf4 41. Kg1 Be3+ 42. Kh1 Qf1+ 43. Kh2 Bf4# 0-1

[Event "Titled Tuesday intern op 09th Jul Early"]
[Site "Chess.com INT"]
[Date "2024.07.09"]
[Round "2"]
[White "Bellissimo, Joseph F"]
[Black "Al Tarbosh, Ward"]
[Result "0-1"]
[WhiteElo "2203"]
[BlackElo "2251"]
[PlyCount "64"]
[EventDate "2024.07.09"]
[EventType "swiss (blitz)"]
[EventRounds "11"]
[EventCountry "USA"]
[SourceTitle "EXT 2025"]
[Source "ChessBase"]
[SourceDate "2024.10.14"]
[SourceVersion "1"]
[SourceVersionDate "2024.10.14"]
[SourceQuality "1"]

1. e4 e6 2. d4 d5 3. Nd2 c5 4. Ngf3 cxd4 5. exd5 Qxd5 6. Bc4 Qd6 7. 0-0 Nf6 8. Nb3 Nc6 9. Nbxd4 Nxd4 10. Nxd4 Be7 11. Re1 0-0 12. Bg5 Qc5 13. Nxe6 fxe6 14. Bxf6 Bxf6 15. Bb3 Bxb2 16. Rb1 Qxf2+ 17. Kh1 Bc3 18. Re2 Qf6 19. h3 Kh8 20. Qd3 Be5 21. Re3 Bf4 22. Rf1 e5 23. g3 Bxh3 24. gxf4 Bxf1 25. Qxf1 exf4 26. Rh3 Qc6+ 27. Kh2 Rad8 28. Qe2 f3 29. Qf2 Qd6+ 30. Kh1 Qf4 31. Rh4 Rd1+ 32. Qg1 Qxh4# 0-1

[Event "Titled Tuesday intern op 09th Jul Early"]
[Site "Chess.com INT"]
[Date "2024.07.09"]
[Round "7"]
[White "Bellissimo, Joseph F"]
[Black "Lewandowski, Rafal"]
[Result "1-0"]
[WhiteElo "2203"]
[BlackElo "2106"]
[PlyCount "59"]
[EventDate "2024.07.09"]
[EventType "swiss (blitz)"]
[EventRounds "11"]
[EventCountry "USA"]
[SourceTitle "EXT 2025"]
[Source "ChessBase"]
[SourceDate "2024.10.14"]
[SourceVersion "1"]
[SourceVersionDate "2024.10.14"]
[SourceQuality "1"]

1. e4 c5 2. Nf3 e6 3. c3 Nf6 4. e5 Nd5 5. d4 cxd4 6. cxd4 d6 7. Bc4 Nb6 8. Bd3 Nc6 9. 0-0 Nd5 10. Nc3 Nxc3 11. bxc3 Qc7 12. Bf4 dxe5 13. Nxe5 Nxe5 14. Bxe5 Bd6 15. Bxg7 Rg8 16. Bf6 Bxh2+ 17. Kh1 Qf4 18. Bb5+ Kf8 19. Be5 Qg5 20. g3 f6 21. Bd6+ Kf7 22. Bc4 Qh6 23. Kg2 b5 24. Qf3 bxc4 25. Qxa8 e5 26. Qxa7+ Kg6 27. Rh1 Qh3+ 28. Kf3 Bg4+ 29. Ke3 Qh6+ 30. f4 1-0

[Event "Titled Tuesday intern op 02nd Jul Late"]
[Site "Chess.com INT"]
[Date "2024.07.02"]
[Round "10"]
[White "Bellissimo, Joseph F"]
[Black "Goryachkina, Aleksandra"]
[Result "0-1"]
[WhiteElo "2203"]
[BlackElo "2545"]
[PlyCount "66"]
[EventDate "2024.07.02"]
[EventType "swiss (blitz)"]
[EventRounds "11"]
[EventCountry "USA"]
[SourceTitle "EXT 2025"]
[Source "ChessBase"]
[SourceDate "2024.10.14"]
[SourceVersion "1"]
[SourceVersionDate "2024.10.14"]
[SourceQuality "1"]

1. e4 c5 2. Nf3 Nc6 3. c3 Nf6 4. e5 Nd5 5. d4 cxd4 6. cxd4 d6 7. Bc4 Nb6 8. Bd3 Bg4 9. Qe2 e6 10. 0-0 Nxd4 11. Qe4 Bxf3 12. gxf3 dxe5 13. Qxb7 Bd6 14. Be3 0-0 15. Bxd4 exd4 16. Qe4 g6 17. Na3 Bxa3 18. bxa3 Qd6 19. Rac1 Rac8 20. Rfd1 Rc3 21. Bf1 Qxa3 22. Rb1 Rxf3 23. Qxd4 Rf5 24. h4 Qxa2 25. Ra1 Qb3 26. Qg4 Qb2 27. Qg3 Nd5 28. Rxa7 Qf6 29. Bg2 Nf4 30. Ra4 Ne2+ 31. Kh2 Nxg3 32. fxg3 Rf2 33. Rf1 Rxf1 0-1

[Event "Titled Tuesday intern op 02nd Jul Late"]
[Site "Chess.com INT"]
[Date "2024.07.02"]
[Round "3"]
[White "Bellissimo, Joseph F"]
[Black "Hayrapetyan, Edgar"]
[Result "0-1"]
[WhiteElo "2203"]
[BlackElo "2288"]
[PlyCount "106"]
[EventDate "2024.07.02"]
[EventType "swiss (blitz)"]
[EventRounds "11"]
[EventCountry "USA"]
[SourceTitle "EXT 2025"]
[Source "ChessBase"]
[SourceDate "2024.10.14"]
[SourceVersion "1"]
[SourceVersionDate "2024.10.14"]
[SourceQuality "1"]

1. e4 e6 2. d4 d5 3. Nd2 Nf6 4. e5 Nfd7 5. f4 c5 6. c3 Nc6 7. Ndf3 Qb6 8. a3 f6 9. b4 cxd4 10. cxd4 fxe5 11. fxe5 Be7 12. Bd3 Kd8 13. Ne2 h6 14. b5 Na5 15. 0-0 Nc4 16. a4 a6 17. Rb1 axb5 18. Rxb5 Qc6 19. Nf4 Ndb6 20. Ng6 Re8 21. Nxe7 Rxe7 22. Nh4 Nxa4 23. Rb3 b5 24. Ng6 Rd7 25. Qg4 Kc7 26. Nf8 Re7 27. Qh4 Re8 28. Rf7+ Kb6 29. Ng6 Ra7 30. Qf2 Rxf7 31. Qxf7 Qd7 32. Qf1 Qc7 33. Ba3 Ba6 34. Bd6 Qd7 35. Bxc4 dxc4 36. Qxc4 Qc6 37. Qb4 Rc8 38. Qxa4 Qc1+ 39. Kf2 Rc2+ 40. Kg3 Qg5+ 41. Kh3 Qxg2+ 42. Kh4 Qxh2+ 43. Rh3 Qxh3+ 44. Kxh3 bxa4 45. Ne7 Rd2 46. Bc5+ Kb5 47. Kg4 Bb7 48. Kh5 Be4 49. Nc8 Kc4 50. Nd6+ Kd5 51. Nb5 Bf5 52. Nc7+ Kc4 53. Ne8 Rxd4 0-1

[Event "Titled Tuesday intern op 02nd Jul Late"]
[Site "Chess.com INT"]
[Date "2024.07.02"]
[Round "9"]
[White "Bellissimo, Joseph F"]
[Black "Manvelyan, Mikayel"]
[Result "1-0"]
[WhiteElo "2203"]
[BlackElo "2289"]
[PlyCount "91"]
[EventDate "2024.07.02"]
[EventType "swiss (blitz)"]
[EventRounds "11"]
[EventCountry "USA"]
[SourceTitle "EXT 2025"]
[Source "ChessBase"]
[SourceDate "2024.10.14"]
[SourceVersion "1"]
[SourceVersionDate "2024.10.14"]
[SourceQuality "1"]

1. e4 e5 2. Nf3 Nc6 3. Bc4 Nf6 4. d4 exd4 5. e5 d5 6. Bb5 Ne4 7. Nxd4 Bd7 8. Bxc6 bxc6 9. 0-0 Be7 10. f3 Nc5 11. Be3 0-0 12. f4 Ne4 13. f5 c5 14. Ne2 d4 15. Bc1 Bg5 16. Qd3 Bxc1 17. Nxc1 Bc6 18. Nd2 Nxd2 19. Qxd2 Qd5 20. Nd3 f6 21. e6 Rae8 22. Rae1 a5 23. b3 c4 24. bxc4 Qxc4 25. Nf4 Qxa2 26. Qxd4 Qxc2 27. Rc1 Qe4 28. Qc5 Ba8 29. Qxa5 g5 30. fxg6 hxg6 31. Rce1 Qd4+ 32. Kh1 Be4 33. Qxc7 Bf5 34. Nh5 gxh5 35. Rxf5 Rxe6 36. Qg3+ Qg4 37. Qxg4+ hxg4 38. Rxe6 Rd8 39. Rexf6 Kg7 40. Rf1 Rd2 41. h3 g3 42. R6f3 Kh6 43. Rxg3 Rd6 44. Kh2 Re6 45. Rf4 Ra6 46. Rh4# 1-0

[Event "Titled Tuesday intern op 02nd Jul Late"]
[Site "Chess.com INT"]
[Date "2024.07.02"]
[Round "11"]
[White "Hajiyev, Kanan"]
[Black "Bellissimo, Joseph F"]
[Result "0-1"]
[WhiteElo "2109"]
[BlackElo "2203"]
[PlyCount "74"]
[EventDate "2024.07.02"]
[EventType "swiss (blitz)"]
[EventRounds "11"]
[EventCountry "USA"]
[SourceTitle "EXT 2025"]
[Source "ChessBase"]
[SourceDate "2024.10.14"]
[SourceVersion "1"]
[SourceVersionDate "2024.10.14"]
[SourceQuality "1"]

1. d4 Nf6 2. Nf3 e6 3. c4 d5 4. cxd5 exd5 5. Nc3 h6 6. Qc2 c5 7. Bf4 cxd4 8. Nxd4 Bd6 9. Bxd6 Qxd6 10. e3 a6 11. Be2 Nc6 12. Nxc6 bxc6 13. 0-0 0-0 14. Rac1 Bg4 15. Rfd1 Rfe8 16. h3 Be6 17. Na4 Rac8 18. Nc5 a5 19. Qc3 Bf5 20. Bf3 Nd7 21. Nb7 Qg6 22. Kh2 Ne5 23. Be2 a4 24. Nc5 Ra8 25. a3 Qd6 26. Kg1 Ng6 27. Qd4 Rab8 28. e4 Nf4 29. Bf1 Bc8 30. exd5 cxd5 31. Nxa4 Re4 32. Qc5 Qg6 33. Kh1 Rxa4 34. g3 Bxh3 35. gxf4 Bxf1 36. Rxf1 Rxf4 37. Rg1 Rh4# 0-1

[Event "Titled Tuesday intern op 18th Jun Late"]
[Site "Chess.com INT"]
[Date "2024.06.18"]
[Round "1"]
[White "Deng, Henry"]
[Black "Bellissimo, Joseph F"]
[Result "0-1"]
[WhiteElo "2316"]
[BlackElo "2203"]
[PlyCount "86"]
[EventDate "2024.06.18"]
[EventType "swiss (blitz)"]
[EventRounds "11"]
[EventCountry "USA"]
[SourceTitle "EXT 2025"]
[Source "ChessBase"]
[SourceDate "2024.10.14"]
[SourceVersion "1"]
[SourceVersionDate "2024.10.14"]
[SourceQuality "1"]

1. e4 e6 2. d4 d5 3. Nd2 Nf6 4. e5 Nfd7 5. Bd3 c5 6. c3 Nc6 7. Ne2 cxd4 8. cxd4 f6 9. exf6 Qxf6 10. Nf3 h6 11. 0-0 Bd6 12. Ng3 0-0 13. a3 Rd8 14. Be3 Nf8 15. Rc1 Bd7 16. Re1 Be8 17. b4 a6 18. Qd2 Bg6 19. Be2 Rac8 20. Rc3 Ne7 21. Rec1 Rxc3 22. Rxc3 Nf5 23. b5 Nxe3 24. fxe3 axb5 25. Bxb5 Nh7 26. Bd3 Ng5 27. Bxg6 Nxf3+ 28. gxf3 Qxg6 29. f4 h5 30. Qg2 Ra8 31. f5 Qg4 32. fxe6 h4 33. Nf1 Qxe6 34. Rb3 h3 35. Qf3 Rf8 36. Qe2 Qg6+ 37. Kh1 Qe4+ 38. Kg1 Rf6 39. Rxb7 Rg6+ 40. Ng3 Bxg3 41. hxg3 Rxg3+ 42. Kf1 Qh1+ 43. Kf2 Qg1# 0-1

[Event "Titled Tuesday intern op 09th Apr Early"]
[Site "Chess.com INT"]
[Date "2024.04.09"]
[Round "4"]
[White "Bellissimo, Joseph F"]
[Black "Bardyk, Artem"]
[Result "0-1"]
[WhiteElo "2203"]
[BlackElo "2238"]
[PlyCount "78"]
[EventDate "2024.04.09"]
[EventType "swiss (blitz)"]
[EventRounds "11"]
[EventCountry "USA"]
[SourceTitle "EXT 2025"]
[Source "ChessBase"]
[SourceDate "2024.10.14"]
[SourceVersion "1"]
[SourceVersionDate "2024.10.14"]
[SourceQuality "1"]

1. e4 d5 2. exd5 Qxd5 3. Nc3 Qe5+ 4. Be2 Bg4 5. f3 Bf5 6. d4 Qa5 7. f4 Nf6 8. Nf3 c6 9. 0-0 e6 10. Ne5 h5 11. Be3 Nbd7 12. Qd2 Bb4 13. a3 Bxc3 14. bxc3 Ne4 15. Qe1 Qxc3 16. Rb1 Qxe3+ 17. Kh1 h4 18. Rf3 Ng3+ 19. Qxg3 Qxe5 20. Qf2 Qc7 21. Rfb3 Rb8 22. Bf3 Nf6 23. d5 cxd5 24. Qxa7 0-0 25. Rc1 Qxf4 26. Qg1 Rfc8 27. Rb4 Ne4 28. Rf1 Qh6 29. Qd4 e5 30. Qxe5 Ng3+ 31. Kg1 Nxf1 32. Qxf5 Rxc2 33. Qxc2 Nd2 34. Kf2 Re8 35. Qd3 Nxf3 36. gxf3 Qe6 37. Rb1 Qe5 38. Kg2 Re6 39. Qc2 Qe3 0-1

[Event "Titled Tuesday intern op 19th Mar Late"]
[Site "Chess.com INT"]
[Date "2024.03.19"]
[Round "2"]
[White "Bellissimo, Joseph F"]
[Black "Domin, Yan"]
[Result "1-0"]
[WhiteElo "2203"]
[BlackElo "2209"]
[PlyCount "107"]
[EventDate "2024.03.19"]
[EventType "swiss (blitz)"]
[EventRounds "11"]
[EventCountry "USA"]
[SourceTitle "EXT 2025"]
[Source "ChessBase"]
[SourceDate "2024.10.14"]
[SourceVersion "1"]
[SourceVersionDate "2024.10.14"]
[SourceQuality "1"]

1. e4 c5 2. Nf3 Nc6 3. c3 d5 4. exd5 Qxd5 5. d4 Bf5 6. Be2 Nf6 7. c4 Qd8 8. d5 Nb4 9. Na3 e6 10. Qa4+ Nd7 11. dxe6 Bxe6 12. Bf4 Be7 13. Nb5 0-0 14. Nc7 Bf5 15. 0-0 Rc8 16. Nb5 a6 17. Nc3 Nf6 18. Qd1 Qb6 19. Rc1 Rfd8 20. Qb3 Qa7 21. Rfd1 Rxd1+ 22. Nxd1 Nc6 23. Ne3 Be6 24. Nd5 Bxd5 25. cxd5 Na5 26. Qd3 c4 27. Qf5 Qc5 28. b4 g6 29. Qxf6 Bxf6 30. bxc5 Rxc5 31. Be5 Bxe5 32. Nxe5 Rxd5 33. Nxc4 Rc5 34. Rc2 b5 35. Ne3 Re5 36. Rc7 h5 37. Kf1 f5 38. Ra7 f4 39. Nc2 Rc5 40. Bd3 Rc3 41. Ke2 Nc6 42. Rxa6 Ne5 43. Ne1 g5 44. Bxb5 g4 45. f3 Rc5 46. Bd3 Rd5 47. Be4 Rb5 48. Nd3 Nc4 49. a4 Rg5 50. Nxf4 gxf3+ 51. gxf3 Ne5 52. Bd5+ Kf8 53. Ne6+ Ke7 54. Nxg5 1-0

[Event "Titled Tuesday intern op 19th Mar Late"]
[Site "Chess.com INT"]
[Date "2024.03.19"]
[Round "3"]
[White "Onyshchuk, Volodymyr"]
[Black "Bellissimo, Joseph F"]
[Result "1-0"]
[WhiteElo "2619"]
[BlackElo "2203"]
[PlyCount "61"]
[EventDate "2024.03.19"]
[EventType "swiss (blitz)"]
[EventRounds "11"]
[EventCountry "USA"]
[SourceTitle "EXT 2025"]
[Source "ChessBase"]
[SourceDate "2024.10.14"]
[SourceVersion "1"]
[SourceVersionDate "2024.10.14"]
[SourceQuality "1"]

1. e4 e6 2. d4 d5 3. Bd3 Nf6 4. e5 Nfd7 5. f4 c5 6. c3 Nc6 7. Nf3 Qb6 8. Be2 cxd4 9. cxd4 f6 10. Nc3 Be7 11. a3 0-0 12. Na4 Qd8 13. Be3 Nb6 14. Nc3 Nc4 15. Bxc4 dxc4 16. Qe2 Na5 17. Rd1 Bd7 18. d5 exd5 19. Nxd5 Ba4 20. Nxf6+ gxf6 21. Rxd8 Raxd8 22. 0-0 Rd3 23. Bd4 Nb3 24. exf6 Bxf6 25. Qe6+ Kg7 26. Qe7+ Kg6 27. f5+ Kh5 28. Qxh7+ Kg4 29. Qh3+ Kf4 30. Nd2+ Kg5 31. Ne4# 1-0

[Event "Titled Tuesday intern op 05th Mar Late"]
[Site "Chess.com INT"]
[Date "2024.03.05"]
[Round "1"]
[White "Paichadze, Luka"]
[Black "Bellissimo, Joseph F"]
[Result "1-0"]
[WhiteElo "2504"]
[BlackElo "2203"]
[PlyCount "119"]
[EventDate "2024.03.05"]
[EventType "swiss (blitz)"]
[EventRounds "11"]
[EventCountry "USA"]
[SourceTitle "EXT 2025"]
[Source "ChessBase"]
[SourceDate "2024.10.14"]
[SourceVersion "1"]
[SourceVersionDate "2024.10.14"]
[SourceQuality "1"]

1. e4 e6 2. d4 d5 3. e5 c5 4. c3 Nc6 5. Nf3 Qb6 6. Bd3 Bd7 7. dxc5 Bxc5 8. Qe2 a5 9. Nbd2 a4 10. 0-0 f6 11. c4 fxe5 12. cxd5 exd5 13. Nxe5 Nxe5 14. Qxe5+ Kf8 15. Nf3 Nf6 16. b4 axb3 17. axb3 Rxa1 18. Qxa1 h6 19. Bb2 Ke7 20. Ne5 Rd8 21. b4 Bxb4 22. Rb1 Bc5 23. Ba3 Qd6 24. Bxc5 Qxc5 25. Rxb7 Kf8 26. h3 Be6 27. Qe1 Ne4 28. Bxe4 dxe4 29. Qxe4 Kg8 30. Rb1 Rf8 31. Nd3 Qf5 32. Qe3 Rd8 33. Rd1 Bc4 34. Nb2 Rxd1+ 35. Nxd1 Qb1 36. Kh2 Qxd1 37. Qe8+ Kh7 38. Qe4+ Kh8 39. Qxc4 Qd6+ 40. f4 Qf6 41. Qe4 Qh4 42. Qe8+ Kh7 43. Qe5 Qf2 44. Qe4+ Kh8 45. Qf5 Kg8 46. Qg4 Kh8 47. Qg3 Qc2 48. Qf3 Kg8 49. h4 Kh8 50. h5 Kg8 51. Kh3 Qf5+ 52. g4 Qb1 53. Kg3 Qg1+ 54. Kh3 Qe1 55. g5 Qf1+ 56. Qxf1 hxg5 57. fxg5 Kh8 58. g6 Kg8 59. Qf7+ Kh8 60. Qf8# 1-0

[Event "Titled Tuesday intern op 27th Feb Early"]
[Site "Chess.com INT"]
[Date "2024.02.27"]
[Round "1"]
[White "Samarth, J Rao"]
[Black "Bellissimo, Joseph F"]
[Result "0-1"]
[WhiteElo "1616"]
[BlackElo "2203"]
[PlyCount "86"]
[EventDate "2024.02.27"]
[EventType "swiss (blitz)"]
[EventRounds "11"]
[EventCountry "USA"]
[SourceTitle "EXT 2025"]
[Source "ChessBase"]
[SourceDate "2024.10.14"]
[SourceVersion "1"]
[SourceVersionDate "2024.10.14"]
[SourceQuality "1"]

1. Nf3 Nf6 2. c4 e6 3. e3 d5 4. b3 Be7 5. Bb2 0-0 6. Be2 b6 7. 0-0 Bb7 8. cxd5 Nxd5 9. Nc3 Bf6 10. d4 c5 11. Rc1 Nd7 12. Qd2 Rc8 13. Rfd1 Qe7 14. dxc5 Nxc5 15. Nb5 a6 16. Bxf6 gxf6 17. Nbd4 Kh8 18. Qb2 Rg8 19. Kh1 Ne4 20. Bd3 Ndc3 21. Rf1 Rg7 22. Bxe4 Nxe4 23. Rxc8+ Bxc8 24. Qc2 Bb7 25. Ne2 f5 26. Ng3 h6 27. Nxe4 Bxe4 28. Qe2 Qb7 29. Rg1 Kh7 30. Ne1 b5 31. f3 Bd5 32. Nd3 Rg5 33. Nf4 Bc6 34. h4 Rg7 35. Kh2 Qc7 36. Qc2 Qd6 37. Rd1 Bd5 38. Kh1 Qd8 39. Nxd5 Qxh4+ 40. Kg1 exd5 41. Qxf5+ Kg8 42. Rxd5 Rg6 43. Rd8+ Qxd8 0-1

[Event "Titled Tuesday intern op 30th Jan Early"]
[Site "Chess.com INT"]
[Date "2024.01.30"]
[Round "2"]
[White "Bellissimo, Joseph F"]
[Black "Peiris, TSS"]
[Result "1-0"]
[WhiteElo "2203"]
[BlackElo "1843"]
[PlyCount "119"]
[EventDate "2024.01.30"]
[EventType "swiss (blitz)"]
[EventRounds "11"]
[EventCountry "USA"]
[SourceTitle "EXT 2025"]
[Source "ChessBase"]
[SourceDate "2024.10.14"]
[SourceVersion "1"]
[SourceVersionDate "2024.10.14"]
[SourceQuality "1"]

1. e4 c6 2. d4 d5 3. e5 a6 4. c4 Bf5 5. Nc3 e6 6. h4 h5 7. Nge2 Nd7 8. Ng3 Bg6 9. Be2 Be7 10. Nxh5 Bxh5 11. Bxh5 g6 12. Bf3 Nh6 13. cxd5 cxd5 14. h5 Nf5 15. g3 Qb6 16. Ne2 Bb4+ 17. Kf1 0-0-0 18. hxg6 fxg6 19. Bg5 Be7 20. Bxe7 Nxe7 21. Rxh8 Rxh8 22. Qc1+ Kb8 23. a3 Nc6 24. Qd2 Qd8 25. b4 Qf8 26. Bg2 Qe7 27. Nf4 Nf8 28. Qd3 g5 29. Ne2 Rh7 30. b5 axb5 31. Qxb5 Rf7 32. Rb1 Nd8 33. a4 Ng6 34. Rb2 Qf8 35. Nc3 g4 36. a5 Qh8 37. a6 Qh6 38. Qe8 Qc1+ 39. Ke2 Qxb2+ 40. Kd3 Rc7 41. Qxd8+ Rc8 42. a7+ Kxa7 43. Qxc8 Ne7 44. Qc5+ Ka8 45. Qxe7 Qxf2 46. Qe8+ Ka7 47. Qa4+ Kb8 48. Qc2 Qxg3+ 49. Kd2 Qxg2+ 50. Ne2 Qf3 51. Qg6 g3 52. Qxg3 Qe4 53. Qg8+ Ka7 54. Qxe6 Qf3 55. Qd6 Qb3 56. Qc5+ Kb8 57. e6 Qb2+ 58. Ke3 Qb1 59. Qxd5 Qe4+ 60. Qxe4 1-0

[Event "Titled Tuesday intern op 30th Jan Late"]
[Site "Chess.com INT"]
[Date "2024.01.30"]
[Round "1"]
[White "Yoo, Christopher Woojin"]
[Black "Bellissimo, Joseph F"]
[Result "1-0"]
[WhiteElo "2595"]
[BlackElo "2203"]
[PlyCount "43"]
[EventDate "2024.01.30"]
[EventType "swiss (blitz)"]
[EventRounds "11"]
[EventCountry "USA"]
[SourceTitle "EXT 2025"]
[Source "ChessBase"]
[SourceDate "2024.10.14"]
[SourceVersion "1"]
[SourceVersionDate "2024.10.14"]
[SourceQuality "1"]

1. Nf3 Nf6 2. c4 e6 3. Nc3 d5 4. e3 Be7 5. b3 0-0 6. Bb2 b6 7. cxd5 Nxd5 8. Nxd5 Qxd5 9. Qc2 c5 10. Bd3 f5 11. Bc4 Qd6 12. Be5 Qd7 13. Qb2 Bf6 14. Bxf6 Rxf6 15. d4 Bb7 16. dxc5 bxc5 17. Rd1 Qe7 18. Ne5 Bc6 19. 0-0 Be8 20. Rd2 Nc6 21. Rfd1 Rd8 22. Nxc6 1-0

[Event "Titled Tuesday intern op 23rd Jan Early"]
[Site "Chess.com INT"]
[Date "2024.01.23"]
[Round "3"]
[White "Bellissimo, Joseph F"]
[Black "Eggleston, Thomas"]
[Result "1-0"]
[WhiteElo "2203"]
[BlackElo "2188"]
[PlyCount "57"]
[EventDate "2024.01.23"]
[EventType "swiss (blitz)"]
[EventRounds "11"]
[EventCountry "USA"]
[SourceTitle "EXT 2025"]
[Source "ChessBase"]
[SourceDate "2024.10.14"]
[SourceVersion "1"]
[SourceVersionDate "2024.10.14"]
[SourceQuality "1"]

1. e4 e6 2. d4 d5 3. Nd2 c5 4. Ngf3 cxd4 5. exd5 Qxd5 6. Bc4 Qd6 7. 0-0 Nf6 8. Nb3 Nc6 9. Nbxd4 Nxd4 10. Nxd4 Be7 11. Nb5 Qc6 12. Bf4 0-0 13. Qe2 a6 14. Nd4 Qc5 15. Be3 Qc7 16. a4 b6 17. Rad1 Bb7 18. Bg5 Rfe8 19. Rfe1 Nd5 20. Nxe6 Bxg5 21. Nxc7 Rxe2 22. Rxe2 Nxc7 23. Rd7 Rd8 24. Red2 Rc8 25. f4 Bf6 26. Rxf7 Kh8 27. Rdd7 Bc6 28. Rxc7 Bd4+ 29. Kf1 1-0

[Event "Titled Tuesday intern op 23rd Jan Early"]
[Site "Chess.com INT"]
[Date "2024.01.23"]
[Round "4"]
[White "Player, Edmund C"]
[Black "Bellissimo, Joseph F"]
[Result "0-1"]
[WhiteElo "2199"]
[BlackElo "2203"]
[PlyCount "70"]
[EventDate "2024.01.23"]
[EventType "swiss (blitz)"]
[EventRounds "11"]
[EventCountry "USA"]
[SourceTitle "EXT 2025"]
[Source "ChessBase"]
[SourceDate "2024.10.14"]
[SourceVersion "1"]
[SourceVersionDate "2024.10.14"]
[SourceQuality "1"]

1. Nc3 d5 2. e4 dxe4 3. Nxe4 Nf6 4. Ng3 e5 5. Bc4 e4 6. d3 Bc5 7. Bg5 exd3 8. Qxd3 Bxf2+ 9. Kxf2 Ng4+ 10. Kf1 Qxg5 11. Nf3 Qc5 12. Re1+ Be6 13. Ne4 Qxc4 14. Nf6+ Nxf6 15. Qxc4 0-0 16. Rxe6 fxe6 17. Qxe6+ Kh8 18. Ng5 h6 19. Nf7+ Kh7 20. Ke2 Nc6 21. Kd2 Rae8 22. Qc4 Re7 23. Re1 Rexf7 24. a4 Rd8+ 25. Kc1 Rfd7 26. a5 Nd4 27. Qf1 Kh8 28. c3 Nb3+ 29. Kc2 Nxa5 30. Qf5 Nc4 31. Qe6 b5 32. Qc6 Rd2+ 33. Kc1 Nxb2 34. Re7 Rf2 35. Re1 Nd3+ 0-1